Der Verrat im 20. Jahrhundert : Für und gegen die Nation : Das sichtbare Geschehen /

Guardado en:
Detalles Bibliográficos
Autor principal: Boveri, Margret (autor)
Formato: Libro
Idioma:Alemán
Publicado: Hamburgo, Alemania : Rowohlt, 1958, c1956
Etiquetas: Agrega una etiqueta
Sin etiquetas, Sé el primero en etiquetar este registro!

MARC

LEADER 00000nam^a2200000^a^4500
001 000572042
005 20250521000000.0
009 20260310132301.41
037 |a Acervo ITESO - Biblioteca 
041 |a ALE 
091 |a FGM. 04483 
100 |a Boveri, Margret  |e (autor) 
245 1 4 |a Der Verrat im 20. Jahrhundert :  |b Für und gegen die Nation : Das sichtbare Geschehen / 
264 4 |a Hamburgo, Alemania :  |b Rowohlt,  |c 1958, c1956 
300 |a 153 p. 
336 |a texto  |b txt  |2 rdacontenido 
337 |a sin mediación  |b n  |2 rdamedio 
338 |a volumen  |b nc  |2 rdasoporte 
649 |a XX 
910 |a Fondo Efraín González Morfín 
920 |a Impresos - Libros 
930 |a Fondos Especiales 
905 |a 130 
901 |a 0500391665  |b IT2  |c ESL  |i D91460  |u 20250521 
902 |a https://opac.biblio.iteso.mx/vufind/Record/000572042